000 00735cam a2200181 i 4500
005 20260201092359.0
008 250721s2009 xx 000 0 ara d
082 1 4 _a370.9565
_bد ع م
100 1 _aدعمس، مصطفى نمر
_eمؤلف.
245 1 2 _aالرؤيا الهاشمية للتعليم دراسة تحليلية لعملية التربية والتعليم في المملكة الأردنية الهاشمية /
_cمصطفى نمر دعمس.
250 _aالطبعة الأولى.
264 3 1 _aعمان :
_bدار البداية ناشرون وموزعون،
_c2009.
300 _a416 صفحة.
650 1 7 _aالتعليم.
650 1 7 _aالاردن.
942 _2ddc
_cBK
999 _c116248
_d116248